|
|
|
|
| LEADER |
00720nab a2200205 i 4500 |
| 001 |
acta7616 |
| 005 |
20251209134945.0 |
| 008 |
161015s1988 hu o 000 fre d |
| 022 |
|
|
|a 0238-8308
|
| 040 |
|
|
|a SZTE Egyetemi Kiadványok Repozitórium
|b hun
|
| 041 |
|
|
|a fre
|
| 100 |
1 |
|
|a Szymanski Edward
|
| 245 |
1 |
3 |
|a La doctrine de la guerre sainte et l'islam moderne
|h [elektronikus dokumentum] /
|c Szymanski Edward
|
| 260 |
|
|
|a Université de Szeged
|b Szeged
|c 1988
|
| 300 |
|
|
|a 119-134
|
| 490 |
0 |
|
|a Mediterrán tanulmányok
|v 2
|
| 650 |
|
4 |
|a Bölcsészettudományok
|
| 650 |
|
4 |
|a Történettudomány és régészet
|
| 695 |
|
|
|a Iszlám
|
| 856 |
4 |
0 |
|u http://acta.bibl.u-szeged.hu/7616/1/mediterran_002_119-134.pdf
|z Dokumentum-elérés
|